|
|
|
|
| LEADER |
01179nam a2200289 u 4500 |
| 001 |
10117550 |
| 003 |
upatras |
| 005 |
20210609141121.0 |
| 008 |
150917s2000 us eng |
| 020 |
|
|
|a 9780292712232
|
| 040 |
|
|
|a GR-PaULI
|c GR-PaULI
|
| 041 |
0 |
|
|a eng
|
| 082 |
1 |
4 |
|a 885.3
|2 ΕΕΒ
|
| 100 |
1 |
|
|a Carey, Christopher
|4 trl
|9 92421
|
| 245 |
1 |
0 |
|a Aeschines
|c ; translated by Chris Carey
|
| 260 |
|
|
|a Austin
|b University of Texas press
|c c2000
|
| 300 |
|
|
|a xxxi, 261 p.
|c 21cm.
|
| 490 |
0 |
|
|a The oratory of classical Greece
|v 3
|
| 504 |
|
|
|a Includes index.
|
| 650 |
|
4 |
|a Ομιλίες, λόγοι κλπ., Ελληνικοί
|x Μεταφράσεις στα Αγγλικά
|9 79268
|
| 600 |
1 |
4 |
|9 104297
|a Αισχίνης,
|d 389-314
|x Μεταφράσεις στα Αγγλικά
|
| 760 |
0 |
|
|a The oratory of classical Greece
|g 3
|
| 852 |
|
|
|a GR-PaULI
|b ΠΑΤΡΑ
|b ΦΙΛΟΛΟΓΙΑ
|k ΔΑΝΕΙΖ-6
|h 885.3 AES
|m 13986
|p 025000196546
|t 1
|
| 942 |
|
|
|2 ddc
|
| 952 |
|
|
|0 0
|1 0
|4 0
|6 885_300000000000000_AES
|7 0
|9 183870
|a LTRT
|b LTRT
|d 2016-04-24
|i 13986
|l 0
|o 885.3 AES
|p 025000196546
|r 2016-04-24 00:00:00
|t 1
|w 2016-04-24
|
| 998 |
|
|
|c ΑΝΔΡΙΚΟΠΟΥΛΟΥ
|d 2015-09
|
| 999 |
|
|
|c 113437
|d 113437
|